000 01216nam a22003017a 4500
005 20240530110402.0
008 150124s2011 ua o g b 000 0 ara d
017 _a2010/7367
_bمصر . دار الكتب المصرية
020 _a9789773277691
040 _aEG-CaGPL
041 0 _aara
082 0 4 _221
_a916.23
_bق/ح م
100 0 _aحسنى عبدالرحيم حسن
245 1 2 _aالمواقع الاثرية باقاليم مصر الوسطى :
_bسوهاج - اسيوط - المنيا - بنى سويف /
_cحسنى عبدالرحيم حسن ، ايناس مصطفى عبدالمحسن
250 _aط1
260 _aالاسكندرية :
_bدار الوفاء لدنيا الطباعة والنشر ،
_c2011
300 _aمتعدد :
_bصور ؛
_c24 سم
504 _aببليوجرافية : ص 219 - 223
650 0 4 _aالاثار
651 0 4 _aمصر
_xالاثار
651 0 4 _aسوهاج
_xالاثار
651 0 4 _aاسيوط
_xالاثار
651 0 4 _aالمنيا
_xالاثار
651 0 4 _aبنى سويف
_xالاثار
700 0 _aايناس مصطفى عبدالمحسن
_eمؤلف مشارك
942 _2ddc
_cBK
999 _c60290
_d60290